00639 2200217 4500001002100000005001700021008004100038020001800079035002400097082001600121090002700137100001700164245008400181260002700265300002800292650004100320850001200361980001800373985000600391999002400397YOGYA-0209000005641220090227034025.0 ind  a979-731-187-2 0010-020900000056412 a657.420 285 a657.420285bMah MlDEP aMAHMUDI, Ali aMYOB Accounting plus versi 13blaporan keuangan semudah klik mousecAli Mahmudi aYogyakartabAndic2004 ax, 375 hlmbilusc23 cm aAkuntansi keuangan - Pengolahan data aYOPDYOG a20 April 2005 a1 a2004-101 h CB-D. 11